Introducción a la computación
| Main Author: | |
|---|---|
| Format: | Section = Libro |
| Language: | Undetermined Spanish |
| Published: |
México
México
2000
|
| Edition: | 3a.ed |
| Subjects: |
| LEADER | 00722nam a2200289Ia 4500 | ||
|---|---|---|---|
| 008 | 240830s9999 xx 000 0 und d | ||
| 020 | |a 970-10-2742-6 | ||
| 040 | |a B-ESTELÍ- RUACS / 004 M663 | ||
| 041 | |a spa | ||
| 082 | |a 004 M663 | ||
| 100 | 1 | |a Norton, Peter | |
| 245 | 1 | 0 | |a Introducción a la computación |
| 250 | |a 3a.ed | ||
| 260 | |a México |b México |c 2000 | ||
| 300 | |a 544 p. :il | ||
| 650 | 7 | |a COMPUTADORAS | |
| 650 | 7 | |b INFORMATICA | |
| 650 | 7 | |c SOFTWARE | |
| 650 | 7 | |d PRGRAMACION - ALGORITMOS | |
| 650 | 7 | |e SISTEMA OPERATIVO | |
| 650 | 7 | |f BASES DE DATOS | |
| 650 | 7 | |g REDES COMPUTACIONALES | |
| 650 | 7 | |h INTERNET | |
| 650 | 7 | |i WINDOWS. | |
| 942 | |c BK |2 ddc | ||
| 991 | |a TEXTO | ||
| 999 | |c 10529 | ||